[Event "EuTCh w"]
[Site "Plovdiv BUL"]
[Date "2003.10.11"]
[Round "1"]
[White "Ciuksyte,D"]
[Black "Skripchenko,A"]
[Result "0-1"]
[WhiteElo "2295"]
[BlackElo "2460"]
[EventDate "2003.10.10"]

1. e4 c5 2. Nf3 Nc6 3. d4 cxd4 4. Nxd4 Qc7 5. Nc3 e6 6. Be2 Nf6 7. O-O a6
8. Be3 Bb4 9. Na4 Bd6 10. Nxc6 bxc6 11. f4 Nxe4 12. Qd4 Nf6 13. c4 Be7 14.
Nb6 Rb8 15. c5 O-O 16. Rad1 Nd5 17. Nxd5 exd5 18. Qc3 Bf6 19. Bd4 Bxd4+ 20.
Rxd4 d6 21. f5 dxc5 22. Qxc5 Rxb2 23. Bd3 Qb6 24. Qc3 c5 25. Rg4 f6 26. Bc2
Rb4 27. Rg3 c4+ 28. Kh1 d4 0-1

[Event "EuTCh w"]
[Site "Plovdiv BUL"]
[Date "2003.10.11"]
[Round "1"]
[White "Danielian,E"]
[Black "Calzetta,M"]
[Result "1-0"]
[WhiteElo "2400"]
[BlackElo "2274"]
[EventDate "2003.10.10"]

1. d4 Nf6 2. Nf3 c5 3. e3 d5 4. c4 cxd4 5. exd4 e6 6. Nc3 Be7 7. cxd5 Nxd5
8. Bd3 O-O 9. O-O Nc6 10. Re1 Nf6 11. Bg5 b6 12. Qe2 Bb7 13. Rad1 Nb4 14.
Bb1 Ba6 15. Qe3 Re8 16. Ne5 Rc8 17. Qh3 g6 18. Qf3 Nbd5 19. Nxd5 exd5 20.
h4 Rc7 21. h5 Bc8 22. hxg6 fxg6 23. Nxg6 hxg6 24. Bxf6 Bxf6 25. Rxe8+ Qxe8
26. Qxf6 Bg4 27. Bxg6 Qc8 28. Re1 1-0

[Event "EuTCh w"]
[Site "Plovdiv BUL"]
[Date "2003.10.11"]
[Round "1"]
[White "Prudnikova,S"]
[Black "Machalova,M"]
[Result "1-0"]
[WhiteElo "2412"]
[BlackElo "2187"]
[EventDate "2003.10.10"]

1. Nf3 g6 2. d4 Bg7 3. c4 d6 4. Nc3 Nf6 5. e4 O-O 6. Be2 b6 7. O-O Bb7 8.
Qc2 c5 9. d5 Nbd7 10. Bf4 Qc7 11. h3 a6 12. Rad1 Ne5 13. Nd2 Ne8 14. Be3
Nd7 15. f4 Bd4 16. Qd3 e5 17. dxe6 Bxe3+ 18. Qxe3 fxe6 19. Nf3 Rd8 20. Ng5
Ng7 21. Qg3 Nf6 22. Qh4 h5 23. Bd3 Qe7 24. Qg3 e5 25. Nf3 exf4 26. Qxg6 Qe8
27. Qh6 Rd7 28. Nd5 Bxd5 29. exd5 Ne4 30. Ng5 Nxg5 31. Qxg5 Qe5 32. Qxe5
dxe5 33. Rfe1 Re7 34. Be4 Rd8 35. d6 Red7 36. Bd5+ Kh8 37. Rxe5 Rxd6 38.
Rf1 Rf6 39. Rfe1 Rdf8 40. Rg5 Rf5 41. Rxf5 Nxf5 42. Re6 Rb8 43. Rf6 Nd4 44.
b3 Kg7 45. Rf7+ Kg6 46. Rd7 Ne2+ 47. Kf2 Nc1 48. Be4+ Kf6 49. Rd2 b5 50.
Rc2 bxc4 51. Rxc1 cxb3 52. axb3 Rxb3 53. Rxc5 1-0

[Event "EuTCh w"]
[Site "Plovdiv BUL"]
[Date "2003.10.11"]
[Round "1"]
[White "Dembo,Y"]
[Black "Medic,Mir"]
[Result "1/2-1/2"]
[WhiteElo "2415"]
[BlackElo "2271"]
[EventDate "2003.10.10"]

1. e4 e6 2. d4 d5 3. Nd2 c5 4. exd5 exd5 5. Bb5+ Bd7 6. Bxd7+ Nxd7 7. Ngf3
Ngf6 8. O-O Be7 9. dxc5 Nxc5 10. Nd4 Qd7 11. N2f3 O-O 12. Ne5 Qc8 13. Qf3
Nce4 14. Nf5 Bd8 15. c3 Re8 16. Nd3 a5 17. Be3 Ra6 18. Qh3 Nd6 19. Nxd6
Qxh3 20. gxh3 Rxd6 21. Bf4 Rde6 22. Rfe1 Bb6 23. Kf1 h6 24. f3 Kf8 25. Rad1
Rxe1+ 26. Nxe1 Re6 27. Nc2 Bc5 28. Bc7 a4 29. Bd8 Be7 30. Bxe7+ Kxe7 31.
Nb4 Re5 32. Rd4 Kd6 33. Nd3 Rf5 34. Kg2 b5 35. h4 Nd7 36. Rb4 Kc6 37. Rg4
g6 38. Rd4 Nb6 1/2-1/2

[Event "EuTCh w"]
[Site "Plovdiv BUL"]
[Date "2003.10.11"]
[Round "1"]
[White "Motoc,A"]
[Black "Costantini,L"]
[Result "1-0"]
[WhiteElo "2363"]
[BlackElo "2075"]
[EventDate "2003.10.10"]

1. d4 Nf6 2. c4 g6 3. Nc3 Bg7 4. e4 d6 5. h3 O-O 6. Bg5 Na6 7. Bd3 e5 8. d5
Nc5 9. Bc2 a5 10. Nge2 c6 11. O-O cxd5 12. cxd5 Bd7 13. a3 a4 14. f3 Qa5
15. g4 h6 16. Bd2 Qb6 17. Be3 Rfc8 18. Kg2 Qa5 19. Qd2 h5 20. Ng3 h4 21.
Nge2 Nh7 22. f4 Qd8 23. fxe5 Bxe5 24. Nd4 Qe7 25. Rae1 Bg3 26. Bf2 Bxf2 27.
Qxf2 Be8 28. Nf3 g5 29. e5 Qd8 30. Nd4 dxe5 31. Qf5 1-0

[Event "EuTCh w"]
[Site "Plovdiv BUL"]
[Date "2003.10.11"]
[Round "1"]
[White "Hunt,H"]
[Black "Koskela,N"]
[Result "1-0"]
[WhiteElo "2402"]
[BlackElo "2280"]
[EventDate "2003.10.10"]

1. e4 e5 2. Nf3 Nc6 3. Bb5 a6 4. Ba4 Nf6 5. O-O Be7 6. Re1 b5 7. Bb3 O-O 8.
d3 d6 9. c3 Na5 10. Bc2 c5 11. Nbd2 Nc6 12. Nf1 Re8 13. h3 Bf8 14. d4 cxd4
15. cxd4 a5 16. a3 a4 17. d5 Na5 18. Bd2 Nd7 19. Bc3 Nc5 20. N3d2 Qf6 21.
Re3 g6 22. Rg3 Bh6 23. Qe1 Qd8 24. Ne3 Bf4 25. Rf3 h5 26. Qf1 Bd7 27. g3
Bh6 28. Kh2 f5 29. exf5 e4 30. Rf4 Bxf4 31. gxf4 Qh4 32. Ng2 Qe7 33. fxg6
Qf8 34. Qe2 Qf5 35. Qe3 Qf8 36. Rg1 Nc4 37. Nxc4 bxc4 38. Qd4 Qh6 39. Qf6
Rf8 40. Qxd6 Ra6 41. Qxc5 Rxg6 42. Bxe4 Bf5 43. Bxf5 Rxf5 44. Qxc4 Rf7 45.
Be5 Qf8 46. d6 Qe8 47. Ne3 Rxg1 48. Kxg1 Qd7 49. Kh2 Qb7 50. Nd5 Qb3 51.
Nf6+ Kg7 52. Qxb3 axb3 53. d7 1-0

[Event "EuTCh w"]
[Site "Plovdiv BUL"]
[Date "2003.10.11"]
[Round "1"]
[White "Hagarova,Z"]
[Black "Maric,A"]
[Result "1/2-1/2"]
[WhiteElo "2352"]
[BlackElo "2433"]
[EventDate "2003.10.10"]

1. e4 c6 2. d4 d5 3. exd5 cxd5 4. c4 Nf6 5. Nc3 e6 6. Nf3 Bb4 7. cxd5 Nxd5
8. Qc2 Nc6 9. Be2 O-O 10. O-O Re8 11. Rd1 Bf8 12. Qe4 Bd7 13. Bg5 Nxc3 14.
bxc3 Be7 15. h4 Rc8 16. Bd3 g6 17. Rac1 Bxg5 18. hxg5 Qa5 19. Qf4 e5 20.
dxe5 Nxe5 21. Be4 Nxf3+ 22. Bxf3 Be6 23. Bxb7 Rxc3 24. Rxc3 Qxc3 25. Qa4
Rf8 26. Bf3 a5 27. Qf4 Rc8 28. Bg4 Bxg4 29. Qxg4 Re8 30. Qf4 Re1+ 31. Rxe1
Qxe1+ 32. Kh2 Qc3 1/2-1/2

[Event "EuTCh w"]
[Site "Plovdiv BUL"]
[Date "2003.10.11"]
[Round "1"]
[White "Milliet,S"]
[Black "Turauskiene,R"]
[Result "1-0"]
[WhiteElo "2326"]
[BlackElo "2218"]
[EventDate "2003.10.10"]

1. e4 e5 2. Nf3 Nc6 3. Bc4 Nf6 4. d3 h6 5. O-O d6 6. c3 g6 7. d4 Qe7 8.
dxe5 Nxe5 9. Nxe5 dxe5 10. Qe2 Bg7 11. a4 O-O 12. a5 Be6 13. a6 b6 14. b4
c6 15. f3 Nh5 16. g3 Kh7 17. Na3 Bf6 18. Kg2 Rfd8 19. Be3 Bg5 20. Rfd1 Bxe3
21. Qxe3 Rd7 22. Rxd7 Qxd7 23. Bxe6 Qxe6 24. Qd2 Qb3 25. Nc2 Rd8 26. Qxd8
Qxc2+ 27. Kg1 Qxc3 28. Rf1 Qxb4 29. Qc7 Qc5+ 30. Kg2 b5 31. Qxf7+ Ng7 32.
Rf2 Qe3 33. Qb7 g5 34. Qxc6 b4 35. Qb7 h5 36. Qxb4 g4 37. fxg4 hxg4 38. Qc4
Qh6 39. Qc7 Qxa6 40. Qxe5 Qc4 41. Qd5 Qc8 42. e5 a5 43. Re2 Qf5 44. Qe4 1-0

[Event "EuTCh w"]
[Site "Plovdiv BUL"]
[Date "2003.10.11"]
[Round "1"]
[White "Llaneza Vega,P"]
[Black "Mkrtchian,L"]
[Result "0-1"]
[WhiteElo "2190"]
[BlackElo "2413"]
[EventDate "2003.10.10"]

1. e4 e6 2. d4 d5 3. Nc3 Nf6 4. Bg5 dxe4 5. Nxe4 Be7 6. Bxf6 Bxf6 7. Nf3
Nd7 8. Bc4 O-O 9. Qd2 c5 10. O-O-O cxd4 11. Nxf6+ Nxf6 12. Qxd4 Qxd4 13.
Rxd4 a6 14. Rhd1 b5 15. Bf1 Bb7 16. Ne5 Rfc8 17. Nd7 Nxd7 18. Rxd7 Bd5 19.
Kb1 Kf8 20. Re1 Rc5 21. g3 a5 22. Bd3 Ke8 23. Rd6 Ke7 24. Rb6 b4 25. Rb5
Rxb5 26. Bxb5 g5 27. Bd3 Rd8 28. b3 h5 29. Kb2 Kf6 30. a3 h4 31. axb4 axb4
32. Be4 h3 33. Bd3 Bf3 34. Re3 g4 35. Be2 Bxe2 36. Rxe2 Rd1 37. Re4 Kg5 38.
Rxb4 Rh1 39. Rb8 Rxh2 40. Rg8+ Kf5 41. b4 Rxf2 42. b5 Rd2 43. Rh8 Ke5 44.
Kc3 Rd1 45. Kc4 f5 46. b6 Rb1 47. Kc5 f4 48. gxf4+ Kxf4 49. Kc6 Rc1 50. b7
Rxc2+ 51. Kd6 Rb2 0-1

[Event "EuTCh w"]
[Site "Plovdiv BUL"]
[Date "2003.10.11"]
[Round "1"]
[White "Makropoulou,M"]
[Black "Sekulovska,V"]
[Result "1/2-1/2"]
[WhiteElo "2240"]
[BlackElo "2130"]
[EventDate "2003.10.10"]

1. e4 e5 2. Nf3 Nc6 3. d4 exd4 4. Nxd4 Bc5 5. Nxc6 Qf6 6. Qd2 dxc6 7. Nc3
Bd4 8. Bd3 Ne7 9. O-O Ng6 10. Qg5 Qxg5 11. Bxg5 O-O 12. Nd1 f5 13. c3 Bb6
14. Be3 Ne5 15. Bc2 fxe4 16. Bxe4 Nc4 17. Bxb6 axb6 18. Re1 Bf5 19. Bxf5
Rxf5 20. Ne3 Nxe3 21. Rxe3 Rd5 22. Kf1 Rd2 23. Re2 Rxe2 24. Kxe2 Kf7 25. a3
Ra5 26. f4 g5 27. Rf1 g4 28. Rd1 Ke7 29. Ke3 Rh5 30. Kf2 Rf5 31. Kg3 h5 32.
Rd2 b5 33. h3 gxh3 34. gxh3 b6 35. Kf3 Ke6 36. Ke4 Rd5 37. Rg2 Kf6 38. Rg8
Rd2 39. Rc8 Re2+ 40. Kf3 Rxb2 41. Rxc7 c5 42. Rc6+ Kf5 43. Rh6 Rc2 44.
Rxh5+ Kg6 45. Rd5 Rxc3+ 46. Kg4 Rxa3 47. Rd6+ Kg7 48. Rxb6 b4 49. h4 Ra1
50. Rb5 Rc1 51. Kg5 Rc3 52. Rb7+ Kg8 53. f5 b3 54. Rb8+ Kf7 55. Rb7+ Kg8
56. Rb8+ Kf7 57. Rb7+ Kg8 1/2-1/2

[Event "EuTCh w"]
[Site "Plovdiv BUL"]
[Date "2003.10.11"]
[Round "1"]
[White "Schuurman,P"]
[Black "Mira,H"]
[Result "1-0"]
[WhiteElo "2263"]
[BlackElo "2098"]
[EventDate "2003.10.10"]

1. d4 d6 2. Nf3 Bg4 3. c4 c6 4. e4 e6 5. Nc3 Be7 6. Be2 Bxf3 7. Bxf3 Bg5 8.
O-O Bxc1 9. Rxc1 Ne7 10. b4 O-O 11. g3 Nd7 12. Qb3 Qc7 13. Rfd1 Rfc8 14. c5
d5 15. e5 f5 16. exf6 gxf6 17. Re1 e5 18. Rcd1 Kh8 19. Bg2 Rg8 20. dxe5
fxe5 21. f4 Raf8 22. Ne2 Ng6 23. fxe5 Ndxe5 24. Nd4 Rf6 25. Rf1 Rgf8 26.
Rxf6 Rxf6 27. Qe3 Nc4 28. Qe8+ Rf8 29. Qe2 Qe5 30. Qxe5+ Ngxe5 31. b5 Rf6
32. bxc6 bxc6 33. Re1 Kg7 34. Bh3 Kf7 35. Bf5 Rxf5 36. Nxf5 Nf3+ 37. Kf2
Nxe1 38. Kxe1 Ke6 39. Nd4+ Kd7 40. Ke2 Na5 41. Kf3 Nb7 42. Nb3 Nd8 43. Kf4
Ne6+ 44. Kf5 a6 45. h4 Ke7 46. g4 Kf7 47. Ke5 Ke7 48. Kf5 Kf7 49. Ke5 Ke7
50. g5 Nf8 51. h5 Ne6 52. g6 hxg6 53. hxg6 Nf8 54. Kf5 Ne6 55. Na5 Nxc5 56.
Nxc6+ Kf8 57. Kf6 1-0

[Event "EuTCh w"]
[Site "Plovdiv BUL"]
[Date "2003.10.11"]
[Round "1"]
[White "Koskoska,G"]
[Black "Botsari,A"]
[Result "0-1"]
[WhiteElo "2240"]
[BlackElo "2394"]
[EventDate "2003.10.10"]

1. e4 c5 2. Nc3 Nc6 3. f4 e6 4. Nf3 a6 5. g3 d5 6. d3 Nf6 7. Bg2 Be7 8. O-O
O-O 9. Qe2 b5 10. e5 Ne8 11. Nd1 Nc7 12. Nf2 Rb8 13. h4 b4 14. c3 Nb5 15.
Bd2 a5 16. a4 bxa3 17. bxa3 a4 18. Qd1 Ra8 19. Ng5 h6 20. Ngh3 f6 21. exf6
Bxf6 22. Qc2 Na5 23. Qxa4 Nxc3 24. Bxc3 Bxc3 25. Rab1 Bd7 26. Qc2 Bd4 27.
Kh2 Nc6 28. Qb3 Ne7 29. Ng1 Nf5 30. Ng4 Qe8 31. Nf3 Qg6 32. Nxd4 cxd4 33.
Qd1 h5 34. Ne5 Qxg3+ 35. Kg1 Nxh4 36. Rb2 Be8 37. Ra2 Rxa3 38. Re2 Rxf4 39.
Rxf4 Qxf4 40. Qe1 Rc3 41. Rf2 Rc1 42. Rxf4 Rxe1+ 43. Bf1 g5 44. Nf3 Nxf3+
45. Rxf3 g4 46. Rf2 Bg6 47. Kg2 Re3 48. Rd2 h4 49. Be2 Bf5 50. Kf2 g3+ 0-1

[Event "EuTCh w"]
[Site "Plovdiv BUL"]
[Date "2003.10.11"]
[Round "1"]
[White "Jelica,M"]
[Black "Vajda,S"]
[Result "1/2-1/2"]
[WhiteElo "2236"]
[BlackElo "2360"]
[EventDate "2003.10.10"]

1. e4 e5 2. Nf3 Nc6 3. d4 exd4 4. Nxd4 Qf6 5. Be3 Bc5 6. c3 Nge7 7. Qd2 a6
8. Nxc6 Bxe3 9. Qxe3 Nxc6 10. Be2 O-O 11. O-O d6 12. Nd2 Bd7 13. f4 Rae8
14. Rae1 Qh6 15. Qd3 Re7 16. Bd1 Kh8 17. Nc4 Rfe8 18. e5 dxe5 19. Nxe5 Nxe5
20. fxe5 f6 21. Qd5 Bc6 22. Qc5 Qg5 23. Bf3 Bxf3 24. Rxf3 Rxe5 25. Rxe5
Qxe5 26. Qxe5 Rxe5 27. Rd3 Kg8 28. Kf2 Kf7 29. Rd4 Ke7 30. Rd2 a5 31. a4
Re6 32. Rd4 Rd6 33. Rg4 g6 34. Ke2 Re6+ 35. Kd2 Kd6 36. b4 Re5 37. Kd3 f5
38. Rc4 b6 39. g4 Re1 40. gxf5 gxf5 41. Rh4 Re7 42. bxa5 bxa5 43. Rh6+ Ke5
44. Ra6 Rd7+ 45. Ke2 Ke4 46. Rxa5 f4 47. Rh5 f3+ 48. Ke1 Rg7 49. Rh6 Rg1+
50. Kf2 Rg2+ 51. Kf1 Ke3 52. Rxh7 Rf2+ 53. Kg1 Re2 54. Kf1 Rf2+ 55. Kg1 Re2
56. Kf1 1/2-1/2

[Event "EuTCh w"]
[Site "Plovdiv BUL"]
[Date "2003.10.11"]
[Round "1"]
[White "Seps,M"]
[Black "Botvinnik,Ir"]
[Result "0-1"]
[WhiteElo "2068"]
[BlackElo "2249"]
[EventDate "2003.10.10"]

1. e4 c5 2. Nf3 e6 3. d4 cxd4 4. Nxd4 a6 5. Be2 Nf6 6. Nc3 Bb4 7. O-O Bxc3
8. bxc3 Nxe4 9. Qd3 d5 10. Ba3 Nc6 11. f3 Nf6 12. Kh1 Ne7 13. f4 O-O 14. c4
Re8 15. cxd5 exd5 16. Bf3 Ng6 17. g3 Bh3 18. Rfe1 Qd7 19. Bb2 Rac8 20. Rad1
h5 21. Qd2 Ne4 22. Bxe4 dxe4 23. Qf2 e3 24. Rxe3 Rxe3 25. Qxe3 Qd5+ 26. Qf3
Qxa2 27. Qb3 Qa5 28. Qxb7 Re8 29. c3 h4 30. Qf3 hxg3 31. hxg3 Bc8 32. Kg1
Qb6 33. Qf2 Bb7 34. Ba3 Qa5 35. Ra1 Qd5 36. Qh2 Re3 37. Bb2 Qe4 38. Kf2 Qd3
39. Bc1 Re8 40. Ra3 Nf8 41. f5 Nh7 42. Qh4 Nf6 43. c4 Ne4+ 0-1

[Event "EuTCh w"]
[Site "Plovdiv BUL"]
[Date "2003.10.11"]
[Round "1"]
[White "Rantanen,T"]
[Black "Houska,Jo"]
[Result "1-0"]
[WhiteElo "2165"]
[BlackElo "2358"]
[EventDate "2003.10.10"]

1. e4 c6 2. d4 d5 3. Nc3 dxe4 4. Nxe4 Bf5 5. Ng3 Bg6 6. h4 h6 7. h5 Bh7 8.
Nf3 Nf6 9. Bd3 Bxd3 10. Qxd3 e6 11. Bd2 Nbd7 12. O-O-O Qc7 13. Rh4 Be7 14.
c4 O-O-O 15. Kb1 Ne8 16. Rhh1 Ndf6 17. Qc2 Ng4 18. Bc3 Nef6 19. Rhe1 c5 20.
d5 exd5 21. cxd5 Rhe8 22. Ne5 Nxe5 23. Bxe5 Qb6 24. Qf5+ Nd7 25. Bxg7 Bd6
26. Rxe8 Rxe8 27. Qxf7 Qd8 28. Nf5 Be5 29. Re1 Rf8 30. Bxf8 Qb6 31. Rxe5
Nxe5 32. Qe8+ 1-0

[Event "EuTCh w"]
[Site "Plovdiv BUL"]
[Date "2003.10.11"]
[Round "1"]
[White "Klinova,M"]
[Black "Lematschko,T"]
[Result "1/2-1/2"]
[WhiteElo "2378"]
[BlackElo "2292"]
[EventDate "2003.10.10"]

1. e4 c6 2. d4 d5 3. Nc3 g6 4. h3 dxe4 5. Nxe4 Bg7 6. Nf3 Nf6 7. Nxf6+ exf6
8. Bc4 Be6 9. Qe2 Qe7 10. O-O Bxc4 11. Qxc4 O-O 12. Bf4 Na6 13. c3 Rfd8 14.
Rfe1 Qd7 15. Qb3 Bf8 16. a4 b6 17. Rad1 Qf5 18. Bg3 Qd5 19. Qc2 Rac8 20.
Nd2 f5 21. Nf3 f6 22. Qe2 Nc7 23. c4 Qf7 24. Bxc7 Rxc7 25. Qe6 Bb4 26.
Qxf7+ Kxf7 27. Re3 Rcd7 28. Red3 a5 29. Kf1 Bc5 30. Ke2 Bb4 31. Ne1 Re7+
32. Re3 Bxe1 33. Rxe7+ Kxe7 34. Kxe1 Kd7 35. Kd2 Kc7 36. Kd3 Kd7 37. Re1
Rb8 38. Kc3 Kd6 39. f3 f4 40. b3 Rf8 41. b4 axb4+ 42. Kxb4 Rb8 43. Re2 g5
44. d5 cxd5 45. Rd2 Kc7 46. cxd5 Kd6 47. Kb5 h5 48. Rc2 Kxd5 49. Rc6 Ke5
50. Rxb6 Rd8 51. a5 Rd2 52. a6 Rb2+ 53. Kc6 Rxg2 54. a7 Ra2 55. Kb7 g4 56.
hxg4 hxg4 57. Rb5+ Kd4 58. fxg4 Ke3 59. Rf5 Kf3 60. Rxf6 Kxg4 1/2-1/2

[Event "EuTCh w"]
[Site "Plovdiv BUL"]
[Date "2003.10.11"]
[Round "1"]
[White "Cedikova,K"]
[Black "Lomineishvili,M"]
[Result "0-1"]
[WhiteElo "2201"]
[BlackElo "2400"]
[EventDate "2003.10.10"]

1. d4 Nf6 2. c4 e6 3. Nf3 d5 4. Nc3 Bb4 5. Bg5 h6 6. Bxf6 Qxf6 7. e3 O-O 8.
Bd3 dxc4 9. Bxc4 c5 10. O-O cxd4 11. exd4 Nc6 12. Qb3 Bxc3 13. Qxc3 Rd8 14.
Rad1 Bd7 15. Qe3 Rac8 16. Bd3 Nb4 17. Bb1 Bb5 18. Rfe1 Ba4 19. b3 Bc6 20.
Ne5 Nd5 21. Qd3 Nf4 22. Qh7+ Kf8 23. f3 Qg5 24. g3 Nh5 25. Kf2 Nf6 26. Qd3
Nd7 27. Nc4 Bb5 28. Qc3 Kg8 29. Qb4 Bc6 30. h4 Qf6 31. Re3 Bd5 32. Rd2 Bxc4
33. bxc4 Nb6 34. Qb3 Nxc4 35. Rde2 Nxe3 36. Rxe3 Qxd4 0-1

[Event "EuTCh w"]
[Site "Plovdiv BUL"]
[Date "2003.10.11"]
[Round "1"]
[White "Zielinska,Mar"]
[Black "Velcheva,M"]
[Result "1/2-1/2"]
[WhiteElo "2429"]
[BlackElo "2295"]
[EventDate "2003.10.10"]

1. d4 d5 2. Nf3 Nf6 3. c4 c6 4. e3 e6 5. Bd3 Nbd7 6. O-O Bd6 7. Nc3 dxc4 8.
Bxc4 b5 9. Bd3 O-O 10. e4 e5 11. Bg5 exd4 12. Nxd4 Ne5 13. Bc2 h6 14. Bf4
Bg4 15. Nce2 Qc7 16. f3 Bd7 17. Bxe5 Bxe5 18. f4 Bxd4+ 19. Qxd4 c5 20. Qe3
Rfe8 21. e5 c4 22. Nd4 Rad8 23. Rad1 Qb6 24. h3 Bc6 25. Kh2 Bb7 26. Rfe1
Qc5 27. Qf2 Nd5 28. Qg3 Bc8 29. f5 Nb4 30. f6 g5 31. Nf3 g4 32. Qf4 Qf8 33.
Rxd8 Rxd8 34. e6 Bxe6 35. Rxe6 gxf3 36. Re3 Nxc2 37. Rxf3 Rd3 38. Rf2 Qd6
39. Qxd6 Rxd6 40. Rxc2 Rxf6 41. a4 a6 42. axb5 axb5 43. Rd2 Rf5 44. Rd8+
Kg7 45. Rb8 Kf6 46. Rb6+ Kg5 47. Kg3 Rd5 48. h4+ Kf5 49. Kh2 h5 50. Rb7 f6
51. Rb6 Ke5 52. Kg1 f5 53. Kf1 Kd4 54. Ke2 c3 55. bxc3+ Kxc3 56. Rc6+ Kb3
57. Rh6 b4 58. Rxh5 Kc2 59. Rh8 Re5+ 60. Kf3 Rc5 61. h5 b3 62. Rb8 Rc4 63.
h6 Rh4 64. Rc8+ Kb1 65. Rc6 b2 66. g3 Ra4 67. h7 Ra8 68. Kf4 Ka2 69. Rb6
Rh8 70. Kxf5 Rxh7 71. g4 Rh3 72. g5 Rb3 73. Ra6+ Ra3 74. Rb6 Ra5+ 75. Kf6
b1=R 1/2-1/2

[Event "EuTCh w"]
[Site "Plovdiv BUL"]
[Date "2003.10.11"]
[Round "1"]
[White "Mamedjarova,Z"]
[Black "Zhukova,N"]
[Result "1/2-1/2"]
[WhiteElo "2345"]
[BlackElo "2452"]
[EventDate "2003.10.10"]

1. d4 Nf6 2. Nf3 d5 3. Bf4 c5 4. c3 Nc6 5. e3 e6 6. Nbd2 Bd6 7. Bg3 O-O 8.
Bd3 Qe7 9. O-O Bxg3 10. hxg3 e5 11. dxe5 Nxe5 12. Nxe5 Qxe5 13. Qf3 Re8 14.
Rfe1 Bd7 15. Qf4 Qh5 16. Be2 Qg6 17. Bf3 Rac8 18. e4 dxe4 1/2-1/2

[Event "EuTCh w"]
[Site "Plovdiv BUL"]
[Date "2003.10.11"]
[Round "1"]
[White "Djingarova,E"]
[Black "Kaps,D"]
[Result "1-0"]
[WhiteElo "2329"]
[BlackElo "2202"]
[EventDate "2003.10.10"]

1. e4 c6 2. d4 d5 3. exd5 cxd5 4. c4 Nf6 5. Nc3 g6 6. Bg5 dxc4 7. Bxc4 Bg7
8. Nf3 O-O 9. O-O Bg4 10. h3 Bxf3 11. Qxf3 Qxd4 12. Bxf6 Bxf6 13. Qxb7 Nd7
14. Bd5 Nb6 15. Rad1 Qb4 16. Bb3 a5 17. Rfe1 Rab8 18. Qf3 Kg7 19. Re4 Qc5
20. Rf4 Rfd8 21. Re1 a4 22. Nxa4 Nxa4 23. Rxa4 Rd2 24. Rc4 Qd6 25. Rce4
Rxb2 26. g3 Rd2 27. h4 Rd3 28. R4e3 Rd8 29. Kg2 Rxe3 30. Rxe3 e6 31. h5 Qc5
32. h6+ Kxh6 33. Qxf6 Qc6+ 34. Qf3 Qc7 35. Qf4+ Qxf4 36. gxf4 Rd4 37. Kg3
g5 38. Rf3 gxf4+ 39. Rxf4 Rd7 40. a4 Kg5 41. Rg4+ Kf6 42. Rb4 e5 43. a5 Kg5
44. a6 f5 45. Rb7 f4+ 46. Kg2 Rd6 47. a7 Ra6 48. Bd5 h5 49. Rd7 1-0

[Event "EuTCh w"]
[Site "Plovdiv BUL"]
[Date "2003.10.11"]
[Round "1"]
[White "Galliamova,A"]
[Black "Petrenko,S"]
[Result "1/2-1/2"]
[WhiteElo "2502"]
[BlackElo "2331"]
[EventDate "2003.10.10"]

1. d4 Nf6 2. c4 g6 3. Nc3 d5 4. Bf4 Bg7 5. e3 c6 6. Nf3 O-O 7. Be2 Nbd7 8.
cxd5 Nxd5 9. Nxd5 cxd5 10. O-O Nf6 11. Qb3 Nh5 12. Bg5 h6 13. Bh4 g5 14.
Ne5 Nf6 15. Bg3 Ne4 16. Rad1 Nxg3 17. hxg3 Qd6 18. f4 gxf4 19. gxf4 a5 20.
a4 Bf5 21. Bd3 Bxd3 22. Rxd3 Ra6 23. Rc3 Rb6 24. Qc2 Bxe5 25. dxe5 Qb4 26.
b3 d4 27. exd4 Qxd4+ 28. Kh1 Rg6 29. Rh3 Rd8 30. Qc7 Qd2 31. Qxb7 Rd5 32.
Rg1 e6 33. f5 exf5 34. Qc8+ Kg7 35. Qxf5 Qg5 36. Rh5 Qd2 37. Qf1 Rd4 38.
Rh3 Rf4 39. Qa1 Kh7 40. Qb1 Kg8 41. Qd3 Qb2 42. Qc3 Qxc3 43. Rxc3 Re4 44.
Rf1 Rxe5 1/2-1/2

[Event "EuTCh w"]
[Site "Plovdiv BUL"]
[Date "2003.10.12"]
[Round "2"]
[White "Calzetta,M"]
[Black "Hagarova,Z"]
[Result "1/2-1/2"]
[WhiteElo "2274"]
[BlackElo "2352"]
[EventDate "2003.10.10"]

1. e4 c5 2. Nf3 Nc6 3. d4 cxd4 4. Nxd4 Nf6 5. Nc3 e5 6. Ndb5 d6 7. Bg5 a6
8. Na3 b5 9. Nd5 Be7 10. Bxf6 Bxf6 11. c3 O-O 12. Nc2 Bg5 13. a4 bxa4 14.
Rxa4 a5 15. Bc4 Rb8 16. b3 Kh8 17. Nce3 g6 18. O-O f5 19. exf5 gxf5 20. f4
exf4 21. Nc2 Ne5 22. Nd4 Bd7 23. Ra2 Rg8 24. Bd3 Qf8 25. Rxa5 Bh6 26. Ra2
Qf7 27. Nxf4 1/2-1/2

[Event "EuTCh w"]
[Site "Plovdiv BUL"]
[Date "2003.10.12"]
[Round "2"]
[White "Mkrtchian,L"]
[Black "Bojkovic,N"]
[Result "1/2-1/2"]
[WhiteElo "2413"]
[BlackElo "2408"]
[EventDate "2003.10.10"]

1. d4 Nf6 2. Nf3 e6 3. c4 b6 4. g3 Ba6 5. Qb3 c6 6. Bf4 Be7 7. Nc3 d5 8.
cxd5 exd5 9. Bg2 O-O 10. O-O Nbd7 11. Rfd1 b5 12. a3 Qb6 13. Rac1 Bb7 14.
Bh3 Qd8 15. Ne5 Nb6 16. Bg2 Nh5 17. Na2 Nxf4 18. gxf4 Nc4 19. Nb4 Rc8 20.
Nbd3 f6 21. Nf3 Kh8 22. e3 Rc7 23. Qc3 Qc8 24. Nc5 Bd6 25. b3 Nb6 26. Kh1
Qe8 1/2-1/2

[Event "EuTCh w"]
[Site "Plovdiv BUL"]
[Date "2003.10.12"]
[Round "2"]
[White "Gara,A"]
[Black "Rantanen,T"]
[Result "1/2-1/2"]
[WhiteElo "2356"]
[BlackElo "2165"]
[EventDate "2003.10.10"]

1. e4 c5 2. Nf3 Nc6 3. d4 cxd4 4. Nxd4 Nf6 5. Nc3 e5 6. Ndb5 d6 7. Nd5 Nxd5
8. exd5 Nb8 9. c4 a6 10. Nc3 Be7 11. Bd3 O-O 12. O-O f5 13. f3 Qb6+ 14. Kh1
Nd7 15. Rb1 Nc5 16. Bc2 Qc7 17. Be3 Rb8 18. a4 b6 19. b4 Nd7 20. Qd3 e4 21.
fxe4 Ne5 22. Qd1 Qxc4 23. Bd4 fxe4 24. Rxf8+ Bxf8 25. Bxe5 dxe5 26. d6 Qd4
27. Nxe4 Bf5 28. Bb3+ Kh8 29. Ng5 g6 30. Rc1 Rc8 31. Nf7+ Kg7 32. Rxc8 Bxc8
33. Nxe5 Bxd6 34. Nc4 1/2-1/2

[Event "EuTCh w"]
[Site "Plovdiv BUL"]
[Date "2003.10.12"]
[Round "2"]
[White "Voiska,M"]
[Black "Milliet,S"]
[Result "1-0"]
[WhiteElo "2368"]
[BlackElo "2326"]
[EventDate "2003.10.10"]

1. Nf3 c5 2. c4 Nc6 3. Nc3 g6 4. e3 Nf6 5. d4 cxd4 6. exd4 d5 7. h3 Bg7 8.
Be2 O-O 9. O-O Bf5 10. Be3 Rc8 11. c5 Ne4 12. Rc1 Nxc3 13. Rxc3 Be4 14. Rc1
Bxf3 15. Bxf3 b6 16. a3 bxc5 17. Rxc5 e6 18. Qa4 Qb6 19. Rfc1 Ne7 20. b4
Qb7 21. Be2 Rxc5 22. dxc5 d4 23. Bf3 Qc7 24. Bd2 e5 25. b5 f5 26. b6 axb6
27. Qb3+ Kh8 28. cxb6 Qb8 29. Rc7 Ng8 30. Bb4 Qxb6 31. Rxg7 e4 32. Be2 d3
33. Rxg8+ 1-0

[Event "EuTCh w"]
[Site "Plovdiv BUL"]
[Date "2003.10.12"]
[Round "2"]
[White "Medic,Mir"]
[Black "Hunt,H"]
[Result "1/2-1/2"]
[WhiteElo "2271"]
[BlackElo "2402"]
[EventDate "2003.10.10"]

1. d4 Nf6 2. c4 e6 3. Nf3 b6 4. g3 Ba6 5. Nbd2 Bb7 6. Bg2 c5 7. e4 cxd4 8.
O-O d6 9. Nxd4 Nbd7 10. Re1 Qb8 11. b3 Be7 12. Bb2 O-O 13. Nb1 a6 14. Nc3
Rd8 15. Qe2 Qa7 16. Rad1 Rac8 17. h3 Ne8 18. Kh2 Bf6 19. Qe3 g6 20. Re2 Qb8
21. Red2 Bg7 22. f4 Bh6 23. Qf2 Nc5 24. Re2 e5 25. fxe5 dxe5 26. Nf3 Rxd1
27. Nxd1 Bg7 28. Nc3 Nd6 29. Ne1 h5 30. Qe3 Qc7 31. Nd3 Ne6 32. Nd5 Bxd5
33. exd5 Nd4 34. Bxd4 exd4 35. Qf4 Qd8 36. h4 Rc7 37. Nb4 Nf5 38. Nc6 Qd6
39. Qxd6 Nxd6 40. Rd2 Nf5 41. Be4 Nd6 42. Bc2 Kf8 43. Kg2 Bf6 44. Kf3 Rc8
45. Nxd4 b5 46. Nc6 bxc4 47. bxc4 Nxc4 48. Re2 Rc7 49. Bb3 Nd6 50. Rc2 Nf5
51. Rc4 Rc8 52. Rf4 Kg7 53. Ra4 Re8 54. Bc2 Ne3 55. Re4 Rxe4 56. Bxe4 Nc4
57. Kf4 a5 58. Bd3 Nb6 59. d6 Bc3 60. Bb5 Kf6 61. Ke4 Ke6 62. Nd8+ Kxd6 63.
Nxf7+ Ke6 64. Ng5+ Kf6 65. Bd3 Bd2 66. Nf3 Bc3 67. Ng5 Bd2 68. Nf3 Bc3
1/2-1/2

[Event "EuTCh w"]
[Site "Plovdiv BUL"]
[Date "2003.10.12"]
[Round "2"]
[White "Dzagnidze,N"]
[Black "Makropoulou,M"]
[Result "1-0"]
[WhiteElo "2452"]
[BlackElo "2240"]
[EventDate "2003.10.10"]

1. d4 d5 2. Nf3 c6 3. e3 Nf6 4. Bd3 Bg4 5. b3 Nbd7 6. Bb2 e6 7. O-O Ne4 8.
Nbd2 f5 9. Qc1 Bd6 10. Ne5 Bh5 11. Ndf3 O-O 12. Ba3 Bxf3 13. Nxf3 Qe7 14.
Bxd6 Qxd6 15. c4 Rf6 16. Qb2 Rh6 17. Rad1 Rf8 18. g3 Qe7 19. Ne5 Nxe5 20.
dxe5 g5 21. f3 Nc5 22. Bb1 Nd7 23. Qd4 b6 24. cxd5 exd5 25. f4 Nc5 26. Rc1
g4 27. b4 Ne6 28. Qd2 Qb7 29. Rfd1 a6 30. a4 b5 31. a5 Rg6 32. Rc3 h5 33.
Rdc1 Nd8 34. Qd4 h4 35. Ba2 Kh7 36. Qb6 Qg7 37. Qxa6 Qh6 38. R1c2 Qh5 39.
Rxc6 Nxc6 40. Rxc6 hxg3 41. hxg3 Rxc6 42. Qb7+ Kh8 43. Qxc6 Qh3 44. Bxd5
Qxg3+ 45. Kf1 Qh3+ 46. Ke2 Qh2+ 47. Kd3 g3 48. a6 Qh5 49. Kd2 Qh2+ 50. Kc3
g2 51. Bxg2 Qh4 52. Kb3 Qh5 53. a7 Qd1+ 54. Qc2 Qe1 55. a8=Q Rxa8 56. Bxa8
Qxe3+ 57. Qc3 Qxf4 58. e6+ Kh7 1-0